| 000 | 00517nam a2200193Ia 4500 | ||
|---|---|---|---|
| 005 | 20250508160901.0 | ||
| 008 | 008 250505s9999 xx 000 0 hin d | ||
| 020 | _a0-7069-2163-1 | ||
| 037 | _aReference | ||
| 040 |
_aFEDL _beng _cFEDL |
||
| 041 |
_ahin _2eng |
||
| 084 |
_a907, GHA _qFEDL |
||
| 100 |
_aGhate V D _991506 |
||
| 245 | 0 | _aItihas shikshan | |
| 260 |
_aChandigarh, India _bHaryana Hindi Granth Academi _c1971 |
||
| 300 | _a207p. | ||
| 942 |
_cREF _h907, GHA |
||
| 999 |
_c1367174 _d1367174 |
||